00991nam a2200277 a 450000100060000000300080000600500170001400800410003102000250007202000220009703500190011904000180013804100080015608200250016424500580018925000120024726000580025930000360031750000240035350400670037765000420044470000340048694200120052099900170053295201640054960128BD-RjUL20211209080816.0161228s2012 enka b 001 0 eng  a9780199570843 (pbk.) a0199570841 (pbk.) a(BD-RjUL)60252 aDLCcDLCbeng aeng04a361.610941bSOC 201200aSocial policy /cedited by John Baldock ... [et al.]. a4th ed. aOxford ;aNew York :bOxford University Press,c2012. axxiii, 561 p. :bill. ;c27 cm. aPrevious ed.: 2007. aIncludes bibliographical references (p. [511]-538) and index. 0aSocial policy.zGreat Britain91789731 aBaldock, John,d1948-9178974 2ddccBK c60128d60128 00102ddc40718NFICaRUCLbRUCLcReadingd2013-07-02eSpace marketing comm., Dhakag3780.00l0o361.610941 SOC 2012r2016-12-28 00:00:00tC-1w2016-12-28yBK